<?xml version="1.0" encoding="UTF-8"?>
<collection xmlns="http://www.loc.gov/MARC21/slim">
<record>
  <controlfield tag="001">111758</controlfield>
  <controlfield tag="005">20220329090259.0</controlfield>
  <datafield tag="037" ind1=" " ind2=" ">
    <subfield code="a">TAZ-TFG-2021-4814</subfield>
  </datafield>
  <datafield tag="041" ind1=" " ind2=" ">
    <subfield code="a">spa</subfield>
  </datafield>
  <datafield tag="100" ind1="1" ind2=" ">
    <subfield code="a">Talib, Tareq</subfield>
  </datafield>
  <datafield tag="242" ind1="0" ind2="0">
    <subfield code="a">The relationship between volumetric soil moisture content (%) and soil water potential using water retention curves in geomorphological and conventional restoration</subfield>
  </datafield>
  <datafield tag="245" ind1="0" ind2="0">
    <subfield code="a">La relación entre el contenido de humedad volumétrica (%) y el potencial hídrico del suelo mediante curvas de retención de agua en la restauración geomorfológica y convencional</subfield>
  </datafield>
  <datafield tag="260" ind1=" " ind2=" ">
    <subfield code="a">Zaragoza</subfield>
    <subfield code="b">Universidad de Zaragoza</subfield>
    <subfield code="c">2021</subfield>
  </datafield>
  <datafield tag="506" ind1=" " ind2=" ">
    <subfield code="a">by-nc-sa</subfield>
    <subfield code="b">Creative Commons</subfield>
    <subfield code="c">3.0</subfield>
    <subfield code="u">http://creativecommons.org/licenses/by-nc-sa/3.0/</subfield>
  </datafield>
  <datafield tag="520" ind1=" " ind2=" ">
    <subfield code="a">La minería es una actividad imprescindible para la sociedad actual, pero provoca un gran impacto ambiental que afecta al suelo, vegetación y geomorfología-geología. Esto plantea un reto, devolver la funcionalidad a los ecosistemas tras el final de la explotación minera. La restauración convencional se basa en modelado topográfico tipo plataforma-berma-talud, propenso a sufrir procesos de erosión que impiden el desarrollo de ecosistemas funcionales. Frente a esto aparece la restauración geomorfológica basada en el manejo de la escorrentía que evita la erosión permite el desarrollo de ecosistemas funcionales. En la explotación mina Fortuna (Ademuz, Valencia), algunas zonas se trataron mediante restauración geomorfológica, otras zonas mediante el método convencional y una tercera zona que no se trató. Además, en algunas zonas se usó el coluvión como sustrato para reconstruir el suelo. Se ha estudiado la relación entre la humedad volumétrica y el potencial hídrico y su evolución estacional en zonas con restauración convencional y geomorfológica y en zonas con y sin coluvión. La disponibilidad de agua es mayor en zonas con restauración geomorfológica respecto a las zonas con restauración convencional. El aporte de coluvión también aumenta la disponibilidad de agua. En este tipo de suelos, la humedad volumétrica es un buen proxy de la disponibilidad de agua ya que la correlación entre las dos variables es muy elevada.&lt;br /></subfield>
  </datafield>
  <datafield tag="521" ind1=" " ind2=" ">
    <subfield code="a">Graduado en Ciencias Ambientales</subfield>
  </datafield>
  <datafield tag="540" ind1=" " ind2=" ">
    <subfield code="a">Derechos regulados por licencia Creative Commons</subfield>
  </datafield>
  <datafield tag="700" ind1=" " ind2=" ">
    <subfield code="a">Jaume Tormo Blanes</subfield>
    <subfield code="e">dir.</subfield>
  </datafield>
  <datafield tag="710" ind1="2" ind2=" ">
    <subfield code="a">Universidad de Zaragoza</subfield>
    <subfield code="b">Ciencias Agrarias y del Medio Natural</subfield>
    <subfield code="c">Ecología</subfield>
  </datafield>
  <datafield tag="856" ind1="0" ind2=" ">
    <subfield code="f">720367@unizar.es</subfield>
  </datafield>
  <datafield tag="856" ind1="4" ind2=" ">
    <subfield code="s">2341871</subfield>
    <subfield code="u">http://zaguan.unizar.es/record/111758/files/TAZ-TFG-2021-4814.pdf</subfield>
    <subfield code="y">Memoria (spa)</subfield>
  </datafield>
  <datafield tag="909" ind1="C" ind2="O">
    <subfield code="o">oai:zaguan.unizar.es:111758</subfield>
    <subfield code="p">driver</subfield>
    <subfield code="p">trabajos-fin-grado</subfield>
  </datafield>
  <datafield tag="950" ind1=" " ind2=" ">
    <subfield code="a"></subfield>
  </datafield>
  <datafield tag="980" ind1=" " ind2=" ">
    <subfield code="a">TAZ</subfield>
    <subfield code="b">TFG</subfield>
    <subfield code="c">EPSHUES</subfield>
  </datafield>
  <datafield tag="999" ind1=" " ind2=" ">
    <subfield code="a">20211129095403.CREATION_DATE</subfield>
  </datafield>
  <datafield tag="951" ind1=" " ind2=" ">
    <subfield code="a">deposita:2022-03-29</subfield>
  </datafield>
</record>
</collection>